| 000 | 00870cab a2200301 4500 | ||
|---|---|---|---|
| 001 | ABS56286 | ||
| 008 | 090401t1996 xxu||||| |||| 00| 0 eng d | ||
| 035 | _a(Sirsi) u22550 | ||
| 041 | _aeng | ||
| 100 | _aSeidl, A. | ||
| 245 | 4 | _aThe engine of industry | |
| 260 | _c1996 | ||
| 350 | _a0 | ||
| 490 |
_aEstates Gazette _v(9647) 23 November 1996, 56-57(2) |
||
| 520 | _aAnalysis of the recovery in the automotive industry, which has resulted in an increase in demand for industrial space in the Midlands. | ||
| 650 | _aAUTOMOTIVE INDUSTRY | ||
| 650 | _aBMW | ||
| 650 | _aCAR COMPONENT SUPPLIERS | ||
| 650 | _aCAR INDUSTRY | ||
| 650 | _aINDUSTRIAL SPACE | ||
| 650 | _aINWARD INVESTMENT | ||
| 650 | _aMIDLANDS | ||
| 650 | _aMOTOR INDUSTRY | ||
| 650 | _aROVER FACTORY | ||
| 690 | _aTRANSPORT AND COMMUNICATIONS | ||
| 942 | _n0 | ||
| 948 | _c04/03/1997 | ||
| 999 |
_c15112 _d15112 |
||